Baby Shark Lyrics - Statistics

General Stats
  • This quiz has been taken 531 times
    381 since last reset
  • The average score is 113 of 216
Answer Stats
:D % Correct
Baby
100%
Shark
100%
Do
92%
Do
92%
Do
92%
Do
91%
Do
91%
Do
91%
Baby
88%
Shark
88%
Do
86%
Do
86%
Do
86%
Do
86%
Do
86%
Do
86%
Baby
84%
Shark
84%
Do
81%
Do
81%
Do
81%
Do
80%
Do
80%
Do
80%
Baby
78%
Shark
78%
Do
71%
Shark
71%
Do
70%
Do
70%
Do
70%
Do
70%
Do
70%
Do
70%
Do
70%
Do
70%
Do
70%
Do
70%
Shark
70%
Do
69%
Do
69%
Do
69%
Do
69%
Do
69%
Mommy
69%
Do
68%
Do
68%
Mommy
68%
Shark
68%
Mommy
67%
Shark
67%
Daddy
66%
Do
66%
Do
66%
Do
66%
Do
66%
Do
66%
Do
66%
Do
66%
Do
66%
Do
66%
Do
66%
Do
66%
Do
66%
Do
66%
Do
66%
Do
66%
Do
66%
Do
66%
Mommy
66%
Shark
66%
Shark
66%
Shark
66%
Daddy
65%
Daddy
65%
Do
65%
Shark
65%
Daddy
64%
Do
63%
Do
63%
Do
63%
Do
63%
Do
63%
Do
63%
Shark
62%
Do
61%
Do
61%
Do
61%
Do
61%
Do
61%
Grandma
61%
Do
60%
Do
60%
Do
60%
Do
60%
Do
60%
Do
60%
Do
60%
Grandma
60%
Grandma
60%
Shark
60%
Shark
60%
Do
59%
Do
59%
Do
59%
Do
59%
Do
59%
Do
59%
Do
59%
Do
59%
Do
59%
Do
59%
Shark
59%
Shark
59%
Do
58%
Do
58%
Do
58%
Do
58%
Do
58%
Do
58%
Grandma
58%
Grandpa
58%
Grandpa
58%
Shark
58%
Do
57%
Do
57%
Grandpa
57%
Shark
57%
Shark
56%
Grandpa
55%
Do
41%
Do
41%
Do
41%
Do
41%
Do
41%
Do
40%
Do
39%
Do
39%
Do
39%
Do
39%
Do
39%
Do
39%
Do
39%
Do
39%
Do
39%
Do
39%
Do
39%
Do
39%
Let's
39%
Go
38%
Let's
36%
Go
35%
Hunt
35%
Go
34%
Let's
34%
Hunt
33%
Let's
33%
Do
32%
Do
32%
Do
32%
Do
32%
Do
32%
Do
32%
Go
32%
Do
31%
Do
31%
Do
31%
Do
31%
Do
31%
Do
31%
Hunt
31%
Hunt
31%
Do
30%
Do
30%
Do
30%
Do
30%
Do
29%
Do
29%
Away
27%
Run
27%
Away
26%
Run
26%
Away
24%
Away
24%
Do
24%
Do
24%
Do
24%
Do
24%
Do
24%
Run
24%
Run
24%
Do
23%
Do
22%
Do
22%
Do
22%
Do
22%
Do
22%
Do
22%
Do
22%
Do
22%
Do
21%
Do
21%
Do
21%
Do
21%
At
19%
Last
19%
Safe
19%
At
18%
At
18%
Last
18%
Safe
18%
Safe
18%
Last
17%
At
16%
Last
16%
Safe
16%
No matching quizzes found
Score Distribution
Percent of People with Each Score
Percentile by Number Answered
Your Score History
You have not taken this quiz since the last reset